000 00368nam a2200145 i 4500
001 bg
100 1 _aWĘDZONY, Józef T.
245 0 _aWykłady z metod obliczeń i rachunku wyrównawczego /
_cT. Józef Wędzony.
250 _aWyd.5 uzup.
260 _aKrawów,
_c1986.
040 _cBPK
041 _apol
942 _cKS
008 s pl f |000 0 pol
999 _c3586
_d3586
856 _uhttp://koha.tu.koszalin.pl/cgi-bin/koha/opac-detail.pl?biblionumber=3586
_yKatalog online BPK